Even more General Knowledge - Statistics

General Stats
  • This quiz has been taken 33 times
    29 since last reset
  • The average score is 7 of 15
Answer Stats
Hint Answer % Correct
What tropic is the Southern equivalent of the Tropic of Cancer? Capricorn
83%
The Sandwich Islands was the name given to the Hawaiian Islands by Capt. Cook but where are the South Sandwich Islands? (what ocean) Atlantic
76%
Which country was previously known as a U.S. territory called the canal zone? Panama
76%
Which North (True or Magnetic) never moves? True
76%
How many heirs did Queen Elizabeth I have? 0
72%
Which animal seems to be wearing men's formal attire? Penguin
62%
In which UK city would you encounter Scousers? Liverpool
59%
What castle is on the western flight paths of London's Heathrow airport? Windsor
55%
Which dog is predominantly seen as a mascot at U.S. fire-houses (fire stations)? Dalmatian
52%
Which U.S. President was the only one to be and remain a bachelor? James Buchanan
24%
Which US state has a geographical sector of its population termed as yoopers? Michigan
17%
In what year was Julius Caesar's first invasion of Britain? 55 BC
3%
What was the old airport with the scary flight path in Hong Kong called? Kai Tak
3%
What famous French attraction is located at Marne-la-Vallee? Disneyland Paris
0%
What was a galley with five rows of oars called? Quinquereme
0%
No matching quizzes found
Score Distribution
Percent of People with Each Score
Percentile by Number Answered
Your Score History
You have not taken this quiz since the last reset